000 00417nam a22001577a 4500
005 20240820095759.0
008 240820b |||||||| |||| 00| 0 eng d
020 _a0-582-64390-2
050 _aSB 111 .T76 1986
100 _aYOUDEOWEI ANTHONY
245 _aINTRODU8CTION TO TROPICAL AGRICULTURE
260 _aNEWYORK
_bLONGMAN PUBLISHERS
_c1986
300 _aX,342
500 _aINCLUDES INDEX
942 _2lcc
_cBK
999 _c211541
_d211541